[Event "Liberec Open 2023 - A FIDE Open"]
[Site "Clarion Grandhotel Zlaty Lev, Liberec"]
[Date "2023.03.02"]
[Round "8"]
[Board "7"]
[White "Cakl, Zdenek"]
[Black "Kocharyan, Vache"]
[Result "1-0"]
[WhiteElo "2079"]
[BlackElo "1835"]
[PlyCount "73"]
[EventDate "2023.02.24"]
[EventRounds "9"]
[EventCountry "CZE"]

1. Nf3 d5 2. b3 Bf5 3. Bb2 e6 4. g3 Nf6 5. Bg2 Be7 6. c4 h6 7. O-O O-O 8. d3 a5 9.
a3 Nc6 10. cxd5 exd5 11. Nc3 Re8 12. Qc2 Bf8 13. Rac1 Bh7 14. Rfe1 Qe7 15. Nb5 Rac8
16. Bh3 Nd7 17. Nh4 Qd8 18. Nf5 g6 19. Qc3 Nce5 20. Ne3 f5 21. f4 Nf7 22. Nxd5 c6
23. Nd6 cxd5 24. Nxc8 Nc5 25. Bg2 Ne6 26. Qf6 Qd7 27. Qc3 Bg7 28. Qc2 Bxb2 29. Qxb2
Rxc8 30. Rxc8+ Qxc8 31. Rc1 Qd8 32. Qc3 Qb6+ 33. Kh1 Qe3 34. Bxd5 Nd4 35. Qc7 Qe8
36. Bxf7+ Qxf7 37. Qd8+  1-0

[Event "Liberec Open 2023 - A FIDE Open"]
[Site "Clarion Grandhotel Zlaty Lev, Liberec"]
[Date "2023.03.02"]
[Round "8"]
[Board "11"]
[White "Dusbaba, Karel"]
[Black "Kudlak, Julia"]
[Result "0-1"]
[WhiteElo "2035"]
[BlackElo "1866"]
[PlyCount "92"]
[EventDate "2023.02.24"]
[EventRounds "9"]
[EventCountry "CZE"]

1. c4 Nf6 2. Nc3 g6 3. d4 Bg7 4. e4 d6 5. f3 O-O 6. Be3 c5 7. d5 e6 8. dxe6 Bxe6
9. Qd2 Nc6 10. Rd1 Nd7 11. b3 Nde5 12. Nce2 Nb4 13. Nc1 Qa5 14. Kf2 Rad8 15. Nge2
Bxc4 16. Nf4 d5 17. bxc4 d4 18. Bxd4 Rxd4 19. Qe1 Rxd1 20. Qxd1 Nxa2 21. Nb3 Qa4
22. Be2 Nc3 23. Qc2 Nxe2 24. Nxe2 Nxc4 25. Rc1 b5 26. Nxc5 Qa3 27. Nb3 a5 28. Nc3
b4 29. Ne2 Ne5 30. Ned4 a4 31. Nc5 Nd3+ 32. Nxd3 Bxd4+ 33. Kg3 b3 34. Qc4 Qd6+ 35.
f4 b2 36. Rb1 a3 37. e5 Qd7 38. Qa2 Bc3 39. Rd1 Qa7 40. Kg4 h5+ 41. Kh3 Qe3+ 42.
g3 Qe2 43. Qb3 a2 44. Qxc3 Qxd1 45. e6 Qg4+ 46. Kg2 Qe2+  0-1

[Event "Liberec Open 2023 - A FIDE Open"]
[Site "Clarion Grandhotel Zlaty Lev, Liberec"]
[Date "2023.03.02"]
[Round "8"]
[Board "12"]
[White "Zabrzanska, Weronika"]
[Black "Pozniak, Yunna"]
[Result "1-0"]
[WhiteElo "2021"]
[BlackElo "1685"]
[PlyCount "67"]
[EventDate "2023.02.24"]
[EventRounds "9"]
[EventCountry "CZE"]

1. e4 e6 2. d4 d5 3. e5 c5 4. c3 Qb6 5. Nf3 Nc6 6. Bd3 Bd7 7. O-O cxd4 8. Re1 Nge7
9. h4 Nf5 10. Bxf5 exf5 11. cxd4 Be7 12. Nc3 Be6 13. Na4 Qd8 14. Ng5 O-O 15. Qh5
Bxg5 16. Bxg5 Qa5 17. Re3 Qxa4 18. Rg3 f6 19. Bxf6 Rf7 20. Qh6 f4 21. Rxg7+ Kf8 22.
Rxh7+ Ke8 23. Rh8+ Kd7 24. Rxa8 Nxd4 25. Qh8 Kc7 26. Qd8+ Kc6 27. Qe8+ Rd7 28. b3
Qb4 29. Qc8+ Kb6 30. Qb8 Ne2+ 31. Kh2 Qe4 32. Bd8+ Kc6 33. a4 Kc5 34. Qxa7+  1-0

[Event "Liberec Open 2023 - A FIDE Open"]
[Site "Clarion Grandhotel Zlaty Lev, Liberec"]
[Date "2023.03.02"]
[Round "8"]
[Board "14"]
[White "Harish, Neeraj"]
[Black "Chubar, Vladimir"]
[Result "1-0"]
[WhiteElo "1981"]
[BlackElo "1802"]
[PlyCount "67"]
[EventDate "2023.02.24"]
[EventRounds "9"]
[EventCountry "CZE"]

1. e4 e6 2. d4 d5 3. e5 Ne7 4. Nf3 Qd7 5. h4 b6 6. h5 h6 7. c3 Ba6 8. Bxa6 Nxa6 9.
Qe2 Nb8 10. Na3 c5 11. Bd2 Nbc6 12. Kf1 cxd4 13. Nb5 Nc8 14. Nbxd4 Bc5 15. Rh3 Bxd4
16. cxd4 N8e7 17. Kg1 Rc8 18. Rc1 Nf5 19. Qd3 O-O 20. g4 Nfe7 21. Kh2 Nb4 22. Qb3
Rxc1 23. Bxc1 Rc8 24. Bxh6 gxh6 25. Qxb4 Rc2 26. Kg2 Qc7 27. g5 Nf5 28. gxh6 Ne3+
29. Kh1 Rxf2 30. Rg3+ Kh7 31. Ng5+ Kxh6 32. Qf8+ Kxh5 33. Qh8+ Kg6 34. Qh7#  1-0

[Event "Liberec Open 2023 - A FIDE Open"]
[Site "Clarion Grandhotel Zlaty Lev, Liberec"]
[Date "2023.03.03"]
[Round "9"]
[Board "1"]
[White "Zysko, Jan"]
[Black "Ochedzan, Tymon"]
[Result "1/2-1/2"]
[WhiteElo "2135"]
[BlackElo "2240"]
[PlyCount "55"]
[EventDate "2023.02.24"]
[EventRounds "9"]
[EventCountry "CZE"]

1. e4 c6 2. d4 d5 3. Nd2 dxe4 4. Nxe4 Bf5 5. Ng3 Bg6 6. h4 h6 7. Nf3 e6 8. Ne5 Bh7
9. Bd3 Bxd3 10. Qxd3 Nd7 11. f4 Bb4+ 12. c3 Be7 13. Bd2 Ngf6 14. O-O-O c5 15. Kb1
O-O 16. Qf3 Qc7 17. Ne2 cxd4 18. cxd4 Qd6 19. g4 Nxe5 20. dxe5 Qd5 21. Qxd5 Nxd5
22. Nc3 Nxc3+ 23. Bxc3 Rfd8 24. h5 f6 25. Kc2 fxe5 26. fxe5 Kf7 27. Rxd8 Rxd8 28.
Rd1  1/2-1/2

[Event "Liberec Open 2023 - A FIDE Open"]
[Site "Clarion Grandhotel Zlaty Lev, Liberec"]
[Date "2023.03.03"]
[Round "9"]
[Board "2"]
[White "Saglam, Buelent"]
[Black "Goluch, Piotr"]
[Result "0-1"]
[WhiteElo "2115"]
[BlackElo "2328"]
[PlyCount "86"]
[EventDate "2023.02.24"]
[EventRounds "9"]
[EventCountry "CZE"]

1. d4 Nf6 2. c4 e6 3. Nf3 Bb4+ 4. Bd2 c5 5. e3 O-O 6. Bxb4 cxb4 7. Ne5 d6 8. Nd3
a5 9. a3 bxa3 10. Nxa3 e5 11. dxe5 dxe5 12. Nxe5 Qe7 13. Nd3 Bf5 14. Be2 Rd8 15.
O-O Nc6 16. Qb3 a4 17. Qc3 Nd4 18. exd4 Qxe2 19. Nc1 Qh5 20. f3 Qg5 21. Ne2 Rac8
22. Ng3 Nd5 23. f4 Qg6 24. Qd2 Nc7 25. Nxf5 Qxf5 26. Qf2 b5 27. Nxb5 Nxb5 28. cxb5
Rc2 29. Qh4 f6 30. Rf2 Rc4 31. Rd2 Rcxd4 32. Rxd4 Rxd4 33. Qe1 Kf7 34. g3 Qd5 35.
f5 Qxf5 36. Qe3 Re4 37. Qa7+ Kg6 38. Rf1 Qxb5 39. Rf2 Re1+ 40. Kg2 Qd5+ 41. Kh3 Qe6+
42. g4 Re4 43. Rf5 h5  0-1

[Event "Liberec Open 2023 - A FIDE Open"]
[Site "Clarion Grandhotel Zlaty Lev, Liberec"]
[Date "2023.03.03"]
[Round "9"]
[Board "5"]
[White "Dambrauskas, Virginijus"]
[Black "Zabrzanska, Weronika"]
[Result "0-1"]
[WhiteElo "2220"]
[BlackElo "2021"]
[PlyCount "126"]
[EventDate "2023.02.24"]
[EventRounds "9"]
[EventCountry "CZE"]

1. d4 d5 2. c4 e6 3. Nc3 Nf6 4. Nf3 c5 5. cxd5 cxd4 6. Nxd4 Nxd5 7. Bd2 e5 8. Nb3
Nc6 9. e4 Nxc3 10. Bxc3 Be6 11. Bb5 Qxd1+ 12. Rxd1 f6 13. Na5 a6 14. Bc4 Bxc4 15.
Nxc4 Bc5 16. Ke2 Ke7 17. Rd5 Nd4+ 18. Kd3 Ne6 19. g3 Rhd8 20. Ne3 Nc7 21. Rxd8 Rxd8+
22. Ke2 Ke6 23. Rc1 Nb5 24. Nd5 Nxc3+ 25. Rxc3 Bd4 26. Rc7 Rd7 27. Rxd7 Kxd7 28.
b3 Kd6 29. f3 b5 30. Kd3 a5 31. g4 h6 32. h3 Bf2 33. Kc3 Bd4+ 34. Kc2 Bf2 35. Kd3
Bd4 36. h4 Bf2 37. h5 Bd4 38. b4 a4 39. Nf4 exf4 40. Kxd4 a3 41. Kd3 Ke6 42. Kc2
Ke5 43. Kc3 Ke6 44. Kb3 Ke5 45. Kxa3 Kd4 46. Kb2 Ke3 47. a4 bxa4 48. b5 Kxf3 49.
b6 Kg2 50. b7 f3 51. b8=Q f2 52. e5 f1=Q 53. Qb7+ Kg3 54. Qe4 Qb5+ 55. Kc2 Qxe5 56.
Qxa4 Qe2+ 57. Kb1 Qxg4 58. Qb3+ Kh4 59. Qf7 f5 60. Kc2 f4 61. Kd3 Qg3+ 62. Ke4 f3
63. Qe7+ Kh3  0-1

[Event "Liberec Open 2023 - A FIDE Open"]
[Site "Clarion Grandhotel Zlaty Lev, Liberec"]
[Date "2023.03.03"]
[Round "9"]
[Board "6"]
[White "Kudlak, Julia"]
[Black "Belaska, Premysl"]
[Result "0-1"]
[WhiteElo "1866"]
[BlackElo "2196"]
[PlyCount "42"]
[EventDate "2023.02.24"]
[EventRounds "9"]
[EventCountry "CZE"]

1. d4 Nf6 2. c4 c5 3. d5 b5 4. Nf3 g6 5. Bf4 d6 6. e3 Bg7 7. Nc3 b4 8. Ne2 h6 9.
h3 g5 10. Bh2 Ne4 11. Qb3 a5 12. a4 bxa3 13. Qxa3 Na6 14. Nd2 Nb4 15. Qb3 a4 16.
Rxa4 Rxa4 17. Qxa4+ Bd7 18. Qb3 Qa5 19. Nc3 Nxc3 20. bxc3 Qa1+ 21. Qb1 Qxc3  0-1

[Event "Liberec Open 2023 - A FIDE Open"]
[Site "Clarion Grandhotel Zlaty Lev, Liberec"]
[Date "2023.03.03"]
[Round "9"]
[Board "7"]
[White "Jires, Jiri"]
[Black "Egli, Urs"]
[Result "1/2-1/2"]
[WhiteElo "2106"]
[BlackElo "1795"]
[PlyCount "57"]
[EventDate "2023.02.24"]
[EventRounds "9"]
[EventCountry "CZE"]

1. e4 g6 2. d4 Bg7 3. Nf3 d6 4. Be2 Nf6 5. Nc3 O-O 6. O-O Nc6 7. h3 e5 8. dxe5 Nxe5
9. Nxe5 dxe5 10. Bg5 c6 11. Qxd8 Rxd8 12. Rfd1 Rxd1+ 13. Rxd1 Be6 14. Be3 Nd7 15.
f3 Bf8 16. Kf1 b5 17. Nb1 Bc5 18. Bxc5 Nxc5 19. Rd6 Rc8 20. b4 Nb7 21. Rd1 Bxa2 22.
Nc3 Be6 23. Ra1 Ra8 24. Ra6 Nd8 25. Nd1 Bc8 26. Ra1 Nb7 27. Ra6 Nd8 28. Ra1 Nb7 29.
Ra6  1/2-1/2

[Event "Liberec Open 2023 - A FIDE Open"]
[Site "Clarion Grandhotel Zlaty Lev, Liberec"]
[Date "2023.03.03"]
[Round "9"]
[Board "10"]
[White "Luebke, Florentin"]
[Black "Gibala, Adam"]
[Result "1/2-1/2"]
[WhiteElo "1980"]
[BlackElo "1775"]
[PlyCount "58"]
[EventDate "2023.02.24"]
[EventRounds "9"]
[EventCountry "CZE"]

1. e4 e6 2. d4 d5 3. Nd2 a6 4. Ngf3 c5 5. exd5 exd5 6. dxc5 Bxc5 7. Nb3 Bb6 8. Bd3
Nf6 9. Qe2+ Qe7 10. Qxe7+ Kxe7 11. Bg5 h6 12. Bxf6+ Kxf6 13. O-O Nc6 14. c3 Bg4 15.
Nbd4 Bxd4 16. Nxd4 Nxd4 17. cxd4 Rhe8 18. Rfe1 Bf5 19. Bxf5 Kxf5 20. f3 Rac8 21.
Rxe8 Rxe8 22. Kf2 Rc8 23. Re1 Rc2+ 24. Re2 Rxe2+ 25. Kxe2 b5 26. Ke3 h5 27. b4 g5
28. g3 f6 29. h3 Kg6  1/2-1/2

[Event "Liberec Open 2023 - A FIDE Open"]
[Site "Clarion Grandhotel Zlaty Lev, Liberec"]
[Date "2023.03.03"]
[Round "9"]
[Board "13"]
[White "Diachek, Andriy"]
[Black "Peglau, Paul David"]
[Result "1-0"]
[WhiteElo "1950"]
[BlackElo "1649"]
[PlyCount "47"]
[EventDate "2023.02.24"]
[EventRounds "9"]
[EventCountry "CZE"]

1. e4 e6 2. d4 d5 3. Nd2 dxe4 4. Nxe4 Bd7 5. Nf3 Bc6 6. Bd3 Nd7 7. O-O Ngf6 8. Ng3
Be7 9. Re1 O-O 10. c3 b6 11. Qe2 Bb7 12. Bf4 Nd5 13. Bd2 N7f6 14. a3 c5 15. c4 Nc7
16. dxc5 Bxc5 17. b4 Bd6 18. Rad1 Re8 19. Bg5 h6 20. Bxf6 Qxf6 21. Be4 Nd5 22. Nh5
Qe7 23. cxd5 exd5 24. Bd3  1-0

[Event "Liberec Open 2023 - A FIDE Open"]
[Site "Clarion Grandhotel Zlaty Lev, Liberec"]
[Date "2023.03.03"]
[Round "9"]
[Board "17"]
[White "Porschberg, Thomas"]
[Black "Topencik, Bruno"]
[Result "1/2-1/2"]
[WhiteElo "2004"]
[BlackElo "1821"]
[PlyCount "59"]
[EventDate "2023.02.24"]
[EventRounds "9"]
[EventCountry "CZE"]

1. e4 e6 2. d4 d5 3. Nc3 Bb4 4. e5 c5 5. Bd2 cxd4 6. Nb5 Bc5 7. b4 a6 8. bxc5 axb5
9. Qg4 Ne7 10. Qxg7 Rg8 11. Qxh7 Qc7 12. Bxb5+ Bd7 13. Be2 Nbc6 14. f4 Na5 15. Bh5
O-O-O 16. Bxf7 Rh8 17. Qd3 Rdf8 18. Bg6 Rfg8 19. Qa3 Nc4 20. Qa8+ Qb8 21. Qxb8+ Kxb8
22. Bd3 Rxg2 23. Nf3 Nxd2 24. Nxd2 Rhxh2 25. Rxh2 Rxh2 26. O-O-O Nc6 27. Nb3 Kc7
28. Rd2 Rh3 29. Rf2 Nb4 30. Kd2  1/2-1/2

[Event "Liberec Open 2023 - A FIDE Open"]
[Site "Clarion Grandhotel Zlaty Lev, Liberec"]
[Date "2023.03.03"]
[Round "9"]
[Board "21"]
[White "Zadrapova, Amalie"]
[Black "Blazek, Matej"]
[Result "1-0"]
[WhiteElo "1665"]
[BlackElo "1925"]
[PlyCount "57"]
[EventDate "2023.02.24"]
[EventRounds "9"]
[EventCountry "CZE"]

1. e4 c6 2. d4 d5 3. exd5 cxd5 4. c4 Nf6 5. Nc3 Nc6 6. Bg5 Be6 7. Be2 Qa5 8. c5 Ne4
9. Bd2 Nxd2 10. Qxd2 g6 11. Nf3 h6 12. O-O Bg7 13. a3 a6 14. b4 Qd8 15. Na4 Bg4 16.
Nb6 Rb8 17. b5 axb5 18. Bxb5 Bxf3 19. Bxc6+ bxc6 20. gxf3 e6 21. Kh1 Qf6 22. Rfd1
Qxf3+ 23. Kg1 Qg4+ 24. Kh1 h5 25. Qe3 h4 26. a4 Rh5 27. h3 Qf5 28. a5 Rb7 29. a6
 1-0

[Event "Liberec Open 2023 - A FIDE Open"]
[Site "Clarion Grandhotel Zlaty Lev, Liberec"]
[Date "2023.03.03"]
[Round "9"]
[Board "39"]
[White "Belaska, Adam"]
[Black "von Keyserlingk, Chanda"]
[Result "1-0"]
[WhiteElo "1419"]
[BlackElo "1640"]
[PlyCount "77"]
[EventDate "2023.02.24"]
[EventRounds "9"]
[EventCountry "CZE"]

1. d4 d5 2. Bf4 e6 3. e3 Nf6 4. Nd2 c5 5. c3 Be7 6. Ngf3 Nbd7 7. c4 O-O 8. Rc1 a6
9. Be2 dxc4 10. Nxc4 b5 11. Nd6 c4 12. O-O Nb6 13. Nxc8 Rxc8 14. Ne5 Nbd5 15. Bg3
Ne4 16. Bf3 Nxg3 17. hxg3 f6 18. e4 Nb4 19. Ng4 Nd3 20. Rc2 Qxd4 21. Ne3 Rfd8 22.
Qb1 Qa7 23. b3 Nb4 24. Rcc1 cxb3 25. Qxb3 Qb6 26. Rxc8 Rxc8 27. a3 a5 28. axb4 Bxb4
29. Rb1 Kf8 30. Kf1 Rc3 31. Qd1 Ke7 32. Rb3 Qc5 33. Rxc3 Qxc3 34. Be2 Qc5 35. Qd3
Qc1+ 36. Bd1 Kf7 37. Qxb5 Qd2 38. Kg1 Kg6 39. Qh5#  1-0